[Event "DVM U14 2022"]
[Site "Kelheim GER"]
[Date "2022.12.27"]
[Round "1"]
[White "Wollscheid, Leon"]
[Black "Selter, Julian André"]
[Result "0-1"]
[Termination "normal"]
[Board "9.3"]
[WhiteElo "1123"]
[BlackElo "1614"]
[WhiteClock "00:37:37"]
[BlackClock "00:27:01"]
[WhiteTeam "SF Birkenfeld"]
[BlackTeam "Schachvereinigung 1920 Plettenberg e. V."]
[PlyCount "118"]
[WhiteFideId "34640363"]
[BlackFideId "34608168"]
[EventCountry "GER"]
[EventRounds "7"]
[EventType "team-swiss"]
[EventDate "2022.12.26"]

1. d4 {[%clk 01:30:56]} {[%emt 00:00:03]} d5 {[%clk 01:30:54]} {[%emt
00:00:07]} 2. Nf3 {[%clk 01:31:22]} {[%emt 00:00:05]} Nf6 {[%emt 00:00:23]} 3.
e3 {[%clk 01:31:43]} {[%emt 00:00:07]} Bf5 {[%clk 01:28:49]} {[%emt 00:02:42]}
4. c4 {[%clk 01:31:56]} {[%emt 00:00:17]} e6 {[%clk 01:28:37]} {[%emt
00:00:43]} 5. Nc3 {[%clk 01:31:48]} {[%emt 00:00:38]} Nc6 {[%clk 01:27:45]}
{[%emt 00:01:22]} 6. Qb3 {[%clk 01:30:11]} {[%emt 00:02:07]} Nb4 {[%clk
01:25:21]} {[%emt 00:02:54]} 7. e4 {[%clk 01:25:44]} {[%emt 00:04:57]} dxe4
{[%clk 01:20:02]} {[%emt 00:05:49]} 8. Nh4 {[%clk 01:25:54]} {[%emt 00:00:19]}
Rb8 {[%clk 01:18:48]} {[%emt 00:01:45]} 9. Nxf5 {[%clk 01:25:48]} {[%emt
00:00:36]} exf5 {[%clk 01:19:05]} {[%emt 00:00:13]} 10. Bf4 {[%clk 01:25:31]}
{[%emt 00:00:47]} Nh5 {[%clk 01:18:25]} {[%emt 00:01:10]} 11. Be5 {[%clk
01:24:54]} {[%emt 00:01:07]} f6 {[%clk 01:17:55]} {[%emt 00:01:00]} 12. Bg3
{[%clk 01:20:13]} {[%emt 00:05:11]} Nxg3 {[%clk 01:18:16]} {[%emt 00:00:10]}
13. hxg3 {[%clk 01:19:52]} {[%emt 00:00:50]} Be7 {[%clk 01:07:54]} {[%emt
00:10:52]} 14. a3 {[%clk 01:18:02]} {[%emt 00:02:20]} Nc6 {[%clk 01:06:02]}
{[%emt 00:02:22]} 15. d5 {[%clk 01:17:17]} {[%emt 00:01:14]} Ne5 {[%clk
01:05:29]} {[%emt 00:01:04]} 16. c5 {[%clk 01:11:19]} {[%emt 00:06:28]} Bxc5
{[%clk 01:05:01]} {[%emt 00:00:57]} 17. Qb5 {[%clk 01:09:21]} {[%emt 00:02:28]}
Nd7 {[%clk 01:04:30]} {[%emt 00:01:02]} 18. Be2 {[%clk 01:03:23]} {[%emt
00:06:28]} g6 {[%clk 01:03:00]} {[%emt 00:02:00]} 19. g4 {[%clk 01:00:30]}
{[%emt 00:03:23]} fxg4 {[%clk 01:01:02]} {[%emt 00:02:27]} 20. Bxg4 {[%clk
01:00:54]} {[%emt 00:00:07]} f5 {[%clk 01:00:27]} {[%emt 00:01:06]} 21. Be2
{[%clk 00:59:40]} {[%emt 00:01:43]} Qf6 {[%clk 00:59:32]} {[%emt 00:01:24]} 22.
Rd1 {[%clk 00:57:38]} {[%emt 00:02:32]} Qb6 {[%clk 00:59:24]} {[%emt 00:00:35]}
23. Qxb6 {[%clk 00:57:31]} {[%emt 00:00:40]} Bxb6 {[%clk 00:59:28]} {[%emt
00:00:26]} 24. Bb5 {[%clk 00:57:26]} {[%emt 00:00:35]} a6 {[%clk 00:59:33]}
{[%emt 00:00:25]} 25. Ba4 {[%clk 00:57:54]} {[%emt 00:00:02]} Kd8 {[%clk
00:59:21]} {[%emt 00:00:36]} 26. d6 {[%clk 00:58:02]} {[%emt 00:00:29]} c6
{[%clk 00:59:09]} {[%emt 00:00:42]} 27. Ne2 {[%clk 00:50:25]} {[%emt 00:08:07]}
Nc5 {[%clk 00:53:21]} {[%emt 00:06:18]} 28. Bc2 {[%clk 00:49:37]} {[%emt
00:01:17]} Kd7 {[%clk 00:47:47]} {[%emt 00:06:03]} 29. b4 {[%clk 00:48:25]}
{[%emt 00:01:43]} Nd3 {[%clk 00:45:30]} {[%emt 00:02:47]} 30. Bxd3 {[%clk
00:46:34]} {[%emt 00:02:22]} exd3 {[%clk 00:45:50]} {[%emt 00:00:10]} 31. Rxd3
{[%clk 00:45:43]} {[%emt 00:01:20]} Rbe8 {[%clk 00:45:37]} {[%emt 00:00:43]}
32. Kf1 {[%clk 00:45:34]} {[%emt 00:00:39]} Re6 {[%clk 00:44:13]} {[%emt
00:01:53]} 33. Nf4 {[%clk 00:45:29]} {[%emt 00:00:37]} Rxd6 {[%clk 00:43:21]}
{[%emt 00:01:22]} 34. Rxd6 {[%clk 00:45:37]} {[%emt 00:00:22]} Kxd6 {[%clk
00:43:44]} {[%emt 00:00:07]} 35. Nxg6 {[%clk 00:45:14]} {[%emt 00:00:53]} Rg8
{[%clk 00:43:57]} {[%emt 00:00:15]} 36. Nf4 {[%clk 00:44:41]} {[%emt 00:01:03]}
Ke5 {[%clk 00:43:38]} {[%emt 00:00:49]} 37. Nd3 {[%clk 00:44:16]} {[%emt
00:00:56]} Ke4 {[%clk 00:40:22]} {[%emt 00:03:45]} 38. Nc5 {[%clk 00:44:10]}
{[%emt 00:00:38]} Bxc5 {[%clk 00:40:32]} {[%emt 00:00:19]} 39. bxc5 {[%clk
00:44:08]} {[%emt 00:00:33]} Rg7 {[%clk 00:40:56]} {[%emt 00:00:06]} 40. Rh5
{[%clk 00:44:14]} {[%emt 00:00:24]} Rf7 {[%clk 00:41:10]} {[%emt 00:00:15]} 41.
Ke2 {[%clk 00:43:03]} {[%emt 00:01:42]} Re7 {[%clk 00:35:18]} {[%emt 00:06:22]}
42. Kd2 {[%clk 00:42:58]} {[%emt 00:00:32]} Rg7 {[%clk 00:33:29]} {[%emt
00:02:20]} 43. g3 {[%clk 00:43:27]} {[%emt 00:00:03]} Rf7 {[%clk 00:32:16]}
{[%emt 00:01:42]} 44. Ke2 {[%clk 00:43:39]} {[%emt 00:00:18]} Ke5 {[%clk
00:32:16]} {[%emt 00:00:31]} 45. g4 {[%clk 00:43:09]} {[%emt 00:01:01]} Kf4
{[%clk 00:31:57]} {[%emt 00:00:47]} 46. gxf5 {[%clk 00:42:47]} {[%emt
00:00:52]} Kg4 {[%clk 00:31:56]} {[%emt 00:00:30]} 47. Rh1 {[%clk 00:40:43]}
{[%emt 00:02:36]} Re7 {[%clk 00:31:53]} {[%emt 00:00:33]} 48. Kd3 {[%clk
00:40:25]} {[%emt 00:00:48]} Kxf5 {[%clk 00:31:53]} {[%emt 00:00:30]} 49. Rh3
{[%clk 00:40:41]} {[%emt 00:00:09]} Kf4 {[%clk 00:31:07]} {[%emt 00:01:20]} 50.
Kc4 {[%clk 00:38:38]} {[%emt 00:02:33]} Rd7 {[%clk 00:27:01]} {[%emt 00:04:35]}
51. Kc3 {[%clk 00:37:37]} {[%emt 00:01:33]} Kg4 52. Rg3 {[%clk 00:37:37]} Kf5
53. Rh3 {[%clk 00:37:37]} Rf7 54. Kd3 {[%clk 00:37:37]} Ke6 55. Kd4 {[%clk
00:37:37]} Rxf2 56. Rxh7 {[%clk 00:37:37]} Rf4 57. Ke3 {[%clk 00:37:37]} Ra4
58. Rxb7 {[%clk 00:37:37]} Rxa3 59. Kd4 {[%clk 00:37:37]} Ra4 0-1

[Event "DVM U14 2022"]
[Site "Kelheim GER"]
[Date "2022.12.27"]
[Round "1"]
[White "Dursun, Ali Berk"]
[Black "Didas, Fynn"]
[Result "1-0"]
[Termination "normal"]
[Board "9.4"]
[WhiteElo "1411"]
[BlackElo "1217"]
[WhiteClock "00:21:35"]
[BlackClock "00:16:55"]
[WhiteTeam "Schachvereinigung 1920 Plettenberg e. V."]
[BlackTeam "SF Birkenfeld"]
[PlyCount "71"]
[WhiteFideId "16253396"]
[BlackFideId "34640231"]
[EventCountry "GER"]
[EventRounds "7"]
[EventType "team-swiss"]
[EventDate "2022.12.26"]

1. c4 {[%clk 01:30:58]} {[%emt 00:00:02]} d6 {[%clk 01:30:53]} {[%emt
00:00:07]} 2. Nc3 {[%clk 01:31:07]} {[%emt 00:00:21]} Nf6 {[%clk 01:31:07]}
{[%emt 00:00:16]} 3. g3 {[%clk 01:31:10]} {[%emt 00:00:27]} g6 {[%clk
01:31:29]} {[%emt 00:00:08]} 4. Bg2 {[%clk 01:31:15]} {[%emt 00:00:25]} Bg7
{[%clk 01:31:44]} {[%emt 00:00:15]} 5. e4 {[%clk 01:30:37]} {[%emt 00:01:09]}
O-O {[%clk 01:31:54]} {[%emt 00:00:19]} 6. Nge2 {[%clk 01:29:54]} {[%emt
00:01:13]} Nc6 {[%clk 01:31:52]} {[%emt 00:00:32]} 7. O-O {[%clk 01:28:51]}
{[%emt 00:01:33]} e5 {[%clk 01:32:01]} {[%emt 00:00:21]} 8. d4 {[%clk
01:26:08]} {[%emt 00:03:13]} exd4 {[%clk 01:26:38]} {[%emt 00:05:53]} 9. Nxd4
{[%clk 01:25:53]} {[%emt 00:00:46]} Nxd4 {[%clk 01:19:56]} {[%emt 00:07:11]}
10. Qxd4 {[%clk 01:26:00]} {[%emt 00:00:23]} Re8 {[%clk 01:16:10]} {[%emt
00:04:16]} 11. Qd3 {[%emt 00:03:03]} Re7 {[%clk 01:05:24]} {[%emt 00:11:00]}
12. f4 {[%clk 01:15:48]} {[%emt 00:08:26]} Re8 {[%clk 00:58:19]} {[%emt
00:07:35]} 13. Be3 {[%clk 01:10:43]} {[%emt 00:05:34]} c6 {[%clk 00:57:15]}
{[%emt 00:01:34]} 14. Rad1 {[%clk 01:03:30]} {[%emt 00:07:42]} Bf8 {[%clk
00:54:07]} {[%emt 00:03:38]} 15. c5 {[%clk 01:01:15]} {[%emt 00:02:46]} Bg4
{[%clk 00:54:18]} {[%emt 00:00:19]} 16. Rd2 {[%clk 00:54:31]} {[%emt 00:07:13]}
dxc5 {[%clk 00:53:41]} {[%emt 00:01:07]} 17. Qc2 {[%clk 00:44:42]} {[%emt
00:10:19]} Qe7 {[%clk 00:50:06]} {[%emt 00:04:04]} 18. Re1 {[%clk 00:40:11]}
{[%emt 00:05:02]} Rad8 {[%clk 00:47:24]} {[%emt 00:03:12]} 19. e5 {[%clk
00:37:27]} {[%emt 00:03:15]} Rxd2 {[%clk 00:45:56]} {[%emt 00:01:58]} 20. Qxd2
{[%clk 00:37:19]} {[%emt 00:00:37]} Nd7 {[%clk 00:45:03]} {[%emt 00:01:23]} 21.
Ne4 {[%clk 00:34:52]} {[%emt 00:02:57]} Rd8 {[%clk 00:39:53]} {[%emt 00:05:40]}
22. Nd6 {[%clk 00:31:53]} {[%emt 00:03:29]} Rb8 {[%clk 00:24:50]} {[%emt
00:15:33]} 23. Qc3 {[%clk 00:29:23]} {[%emt 00:03:00]} Qe6 {[%clk 00:17:45]}
{[%emt 00:07:35]} 24. Bxc5 {[%clk 00:22:35]} {[%emt 00:07:18]} Nxc5 {[%clk
00:17:42]} {[%emt 00:00:33]} 25. Qxc5 {[%clk 00:22:31]} {[%emt 00:00:34]} Qxa2
{[%clk 00:16:55]} {[%emt 00:01:16]} 26. Qc3 {[%clk 00:21:35]} {[%emt 00:01:27]}
Qe6 27. Ne4 {[%clk 00:21:35]} Rd8 28. h3 {[%clk 00:21:35]} Bxh3 29. Ng5 {[%clk
00:21:35]} Qd7 30. Bxh3 {[%clk 00:21:35]} Qd4 31. Qxd4 {[%clk 00:21:35]} Rxd4
32. e6 {[%clk 00:21:35]} fxe6 33. Nxe6 {[%clk 00:21:35]} Rd2 34. b3 {[%clk
00:21:35]} Rb2 35. Nd8 {[%clk 00:21:35]} Rxb3 36. Be6 {[%clk 00:21:35]} 1-0

[Event "DVM U14 2022"]
[Site "Kelheim GER"]
[Date "2022.12.27"]
[Round "1"]
[White "Rempel, Alexander"]
[Black "Huber, Benedikt"]
[Result "1/2-1/2"]
[Termination "normal"]
[Board "10.1"]
[WhiteElo "1393"]
[BlackElo "1898"]
[WhiteClock "00:41:25"]
[BlackClock "00:23:12"]
[WhiteTeam "Schachfreunde Augsburg"]
[BlackTeam "SK Kelheim 1920"]
[PlyCount "88"]
[WhiteFideId "34618600"]
[BlackFideId "16281225"]
[EventCountry "GER"]
[EventRounds "7"]
[EventType "team-swiss"]
[EventDate "2022.12.26"]

1. e4 {[%clk 01:30:58]} {[%emt 00:00:19]} c6 {[%clk 01:30:45]} 2. Nf3 {[%clk
01:31:21]} d5 {[%clk 01:30:56]} 3. d3 {[%clk 01:31:48]} dxe4 {[%clk 01:30:00]}
4. dxe4 {[%clk 01:32:12]} Qxd1 {[%clk 01:30:08]} 5. Kxd1 {[%clk 01:32:38]} Nf6
{[%clk 01:30:22]} 6. Nfd2 {[%clk 01:32:36]} e6 {[%clk 01:29:25]} 7. c3 {[%clk
01:32:41]} Ng4 {[%clk 01:23:40]} 8. Ke2 {[%clk 01:20:25]} Bc5 {[%clk 01:19:04]}
9. b4 {[%clk 01:11:20]} Nxf2 {[%clk 01:08:02]} 10. bxc5 {[%clk 01:11:40]} Nxh1
{[%clk 01:08:25]} 11. g3 {[%clk 01:10:14]} Nxg3 {[%clk 01:02:27]} 12. hxg3
{[%clk 01:10:38]} O-O {[%clk 01:02:47]} 13. Nc4 {[%clk 01:10:07]} Nd7 {[%clk
01:00:55]} 14. Be3 {[%clk 01:10:10]} b6 {[%clk 00:48:02]} 15. Nbd2 {[%clk
01:02:54]} bxc5 {[%clk 00:43:24]} 16. Na5 {[%clk 00:58:53]} Ba6 {[%clk
00:42:51]} 17. Kf2 {[%clk 00:58:30]} Bxf1 {[%clk 00:42:50]} 18. Rxf1 {[%clk
00:58:45]} Rac8 {[%clk 00:37:36]} 19. Nab3 {[%clk 00:57:58]} f5 {[%clk
00:36:01]} 20. Nxc5 {[%clk 00:53:27]} fxe4 {[%clk 00:35:09]} 21. Kg2 {[%clk
00:53:44]} Rxf1 {[%clk 00:35:10]} 22. Kxf1 {[%clk 00:54:02]} Nxc5 {[%clk
00:33:51]} 23. Bxc5 {[%clk 00:54:18]} Rb8 {[%clk 00:33:51]} 24. Bxa7 {[%clk
00:52:45]} Ra8 {[%clk 00:33:54]} 25. Bf2 {[%clk 00:52:32]} Rxa2 {[%clk
00:30:35]} 26. Nxe4 {[%clk 00:52:07]} h6 {[%clk 00:27:18]} 27. Kg2 {[%clk
00:52:12]} Ra8 {[%clk 00:26:46]} 28. Kf3 {[%clk 00:49:59]} Rd8 {[%clk
00:23:32]} 29. Ke2 {[%clk 00:49:07]} Kf7 {[%clk 00:20:58]} 30. Bc5 {[%clk
00:48:35]} Kg6 {[%clk 00:18:52]} 31. Be3 {[%clk 00:44:13]} Ra8 {[%clk
00:17:17]} 32. Kf3 {[%clk 00:39:14]} Rf8 {[%clk 00:16:20]} 33. Ke2 {[%clk
00:39:33]} Kf5 {[%clk 00:13:54]} 34. Bc5 {[%clk 00:37:30]} Ra8 {[%clk
00:11:55]} 35. Kf3 {[%clk 00:37:05]} e5 36. Nf2 {[%clk 00:34:57]} {[%emt
00:02:17]} Ke6 {[%clk 00:10:34]} {[%emt 00:00:32]} 37. Bb4 {[%clk 00:31:38]}
{[%emt 00:03:49]} Rc8 {[%clk 00:09:48]} {[%emt 00:01:15]} 38. Ne4 {[%clk
00:31:05]} {[%emt 00:01:04]} Kd5 {[%clk 00:08:38]} {[%emt 00:01:38]} 39. Ke3
{[%clk 00:30:39]} {[%emt 00:00:58]} Rc7 {[%clk 00:06:26]} {[%emt 00:02:41]} 40.
Kd3 {[%clk 00:12:50]} {[%emt 00:18:20]} Rf7 {[%clk 00:02:24]} {[%emt 00:04:31]}
41. c4 {[%clk 00:12:39]} {[%emt 00:00:43]} Ke6 {[%clk 00:02:51]} {[%emt
00:00:02]} 42. Ke2 {[%clk 00:11:56]} {[%emt 00:01:12]} g5 {[%clk 00:01:02]}
{[%emt 00:02:19]} 43. Bd2 {[%clk 00:12:02]} {[%emt 00:00:24]} Ra7 {[%clk
00:29:21]} {[%emt 00:02:11]} 44. g4 {[%clk 00:41:25]} {[%emt 00:01:07]} Ra2
{[%clk 00:23:12]} {[%emt 00:06:39]} 1/2-1/2

[Event "DVM U14 2022"]
[Site "Kelheim GER"]
[Date "2022.12.27"]
[Round "1"]
[White "Reimann, Marcus"]
[Black "Steinberger, Michael"]
[Result "1-0"]
[Termination "normal"]
[Board "10.2"]
[WhiteElo "1326"]
[BlackElo "1610"]
[WhiteClock "00:28:22"]
[BlackClock "00:05:17"]
[WhiteTeam "SK Kelheim 1920"]
[BlackTeam "Schachfreunde Augsburg"]
[PlyCount "107"]
[WhiteFideId "34640312"]
[BlackFideId "34622373"]
[EventCountry "GER"]
[EventRounds "7"]
[EventType "team-swiss"]
[EventDate "2022.12.26"]

1. c4 {[%clk 01:30:59]} {[%emt 00:00:35]} e5 {[%clk 01:30:55]} 2. e4 {[%clk
01:31:20]} d6 {[%clk 01:31:14]} 3. g3 {[%clk 01:31:32]} Nc6 {[%clk 01:30:00]}
4. Nc3 {[%clk 01:30:00]} Be6 {[%clk 01:27:56]} 5. b3 {[%clk 01:26:25]} f5
{[%clk 01:21:59]} 6. d3 {[%clk 01:20:12]} Nf6 {[%clk 01:17:10]} 7. Bg2 {[%clk
01:14:27]} Qd7 {[%clk 00:59:57]} 8. f3 {[%clk 01:05:48]} O-O-O {[%clk
00:56:17]} 9. Be3 {[%clk 01:03:15]} h6 {[%clk 00:45:46]} 10. Rb1 {[%clk
00:57:50]} g5 {[%clk 00:40:37]} 11. b4 {[%clk 00:56:02]} f4 {[%clk 00:39:36]}
12. Bf2 {[%clk 00:55:25]} fxg3 {[%clk 00:35:31]} 13. hxg3 {[%clk 00:55:25]} b6
{[%clk 00:29:10]} 14. Qa4 {[%clk 00:45:54]} Kb7 {[%clk 00:26:59]} 15. Nge2
{[%clk 00:45:06]} Ra8 {[%clk 00:19:47]} 16. d4 {[%clk 00:41:27]} Nxd4 {[%clk
00:17:34]} 17. Nxd4 {[%clk 00:38:02]} Qxa4 {[%clk 00:17:34]} 18. Nxa4 {[%clk
00:38:30]} exd4 {[%clk 00:17:53]} 19. Bxd4 {[%clk 00:38:38]} Bg7 {[%clk
00:18:04]} 20. e5 {[%clk 00:36:22]} dxe5 {[%clk 00:14:42]} 21. Bxe5 {[%clk
00:35:06]} Bxc4 {[%clk 00:12:54]} 22. Rc1 {[%clk 00:35:02]} b5 {[%clk
00:13:13]} 23. Nc5 {[%clk 00:32:17]} Kb6 {[%clk 00:11:47]} 24. Bxf6 {[%clk
00:32:31]} Bxf6 {[%clk 00:09:16]} 25. Nd7 {[%clk 00:32:55]} Ka6 26. Nxf6 {[%clk
00:33:16]} Raf8 {[%clk 00:09:27]} 27. Ng4 {[%clk 00:32:47]} Re8 {[%clk
00:09:20]} 28. Kf2 {[%clk 00:32:44]} Re2 {[%clk 00:09:24]} 29. Kg1 {[%clk
00:33:00]} h5 {[%clk 00:09:06]} 30. Nf6 h4 {[%clk 00:08:31]} {[%emt 00:00:29]}
31. Ng4 {[%clk 00:30:28]} {[%emt 00:03:19]} Rh7 {[%clk 00:05:40]} {[%emt
00:03:21]} 32. gxh4 {[%clk 00:29:10]} {[%emt 00:01:47]} gxh4 {[%clk 00:06:01]}
{[%emt 00:00:08]} 33. Bf1 {[%clk 00:29:22]} {[%emt 00:00:19]} Rxa2 {[%clk
00:05:26]} {[%emt 00:01:05]} 34. Bxc4 {[%clk 00:29:16]} {[%emt 00:00:36]} bxc4
{[%clk 00:05:52]} {[%emt 00:00:04]} 35. Rxc4 {[%clk 00:29:29]} {[%emt
00:00:18]} Rd7 {[%clk 00:05:33]} {[%emt 00:00:48]} 36. Rc1 {[%clk 00:29:17]}
{[%emt 00:00:43]} Kb5 {[%emt 00:00:50]} 37. Rxh4 {[%emt 00:00:47]} Rdd2 {[%emt
00:00:33]} 38. Rh2 {[%emt 00:00:13]} Rxh2 {[%clk 00:05:26]} {[%emt 00:00:02]}
39. Nxh2 {[%emt 00:00:33]} Kxb4 {[%clk 00:05:39]} 40. Rxc7 {[%clk 00:30:03]}
{[%emt 00:00:10]} a5 {[%clk 00:05:47]} 41. f4 {[%clk 00:29:44]} {[%emt
00:01:10]} Re2 {[%clk 00:05:21]} 42. f5 {[%emt 00:02:48]} a4 43. f6 {[%clk
00:28:22]} Re8 {[%clk 00:05:17]} 44. f7 {[%clk 00:28:22]} Rf8 {[%clk 00:05:17]}
45. Nf3 {[%clk 00:28:22]} a3 {[%clk 00:05:17]} 46. Ra7 {[%clk 00:28:22]} Kb3
{[%clk 00:05:17]} 47. Nd2 {[%clk 00:28:22]} Kb4 {[%clk 00:05:17]} 48. Rb7
{[%clk 00:28:22]} Ka4 {[%clk 00:05:17]} 49. Nb1 {[%clk 00:28:22]} a2 {[%clk
00:05:17]} 50. Nc3 {[%clk 00:28:22]} Ka3 {[%clk 00:05:17]} 51. Nxa2 {[%clk
00:28:22]} Kxa2 {[%clk 00:05:17]} 52. Kf2 {[%clk 00:28:22]} Rh8 {[%clk
00:05:17]} 53. Kg3 {[%clk 00:28:22]} Ka3 {[%clk 00:05:17]} 54. Kg4 {[%clk
00:28:22]} 1-0

[Event "DVM U14 2022"]
[Site "Kelheim GER"]
[Date "2022.12.27"]
[Round "1"]
[White "Dauerer, Leonhard"]
[Black "Wachtel, Alexandra"]
[Result "0-1"]
[Termination "normal"]
[Board "10.4"]
[WhiteElo "1069"]
[BlackElo "1147"]
[WhiteClock "01:22:54"]
[BlackClock "00:35:20"]
[WhiteTeam "SK Kelheim 1920"]
[BlackTeam "Schachfreunde Augsburg"]
[PlyCount "126"]
[WhiteFideId "34640223"]
[BlackFideId "34620427"]
[EventCountry "GER"]
[EventRounds "7"]
[EventType "team-swiss"]
[EventDate "2022.12.26"]

1. e4 e6 2. d4 d5 3. e5 c5 4. c3 {[%clk 01:30:30]} Nc6 {[%clk 01:31:58]} {[%emt
01:47:42]} 5. Nf3 {[%emt 00:00:46]} Qb6 6. Be2 {[%clk 01:31:40]} {[%emt
00:00:52]} Nge7 {[%clk 01:31:04]} {[%emt 00:01:33]} 7. Na3 {[%clk 01:31:33]}
{[%emt 00:00:37]} cxd4 {[%clk 01:28:16]} {[%emt 00:03:18]} 8. cxd4 {[%clk
01:30:52]} {[%emt 00:01:11]} Nf5 {[%clk 01:24:55]} {[%emt 00:03:51]} 9. Bb5
{[%clk 01:30:13]} {[%emt 00:01:11]} Bxa3 {[%clk 01:20:49]} {[%emt 00:04:35]}
10. Bxc6 {[%clk 01:30:13]} {[%emt 00:00:29]} Qxc6 {[%clk 01:18:33]} {[%emt
00:02:47]} 11. bxa3 {[%clk 01:30:25]} {[%emt 00:00:19]} Qc3 {[%clk 01:18:21]}
{[%emt 00:00:40]} 12. Bd2 {[%clk 01:30:20]} {[%emt 00:00:37]} Qxa3 {[%clk
01:17:43]} {[%emt 00:01:07]} 13. Qb3 {[%clk 01:29:34]} {[%emt 00:01:16]} Qxb3
{[%clk 01:17:54]} {[%emt 00:00:19]} 14. axb3 {[%clk 01:29:56]} {[%emt
00:00:08]} O-O {[%clk 01:17:05]} {[%emt 00:01:18]} 15. Rc1 {[%clk 01:26:29]}
{[%emt 00:03:58]} Re8 {[%clk 01:14:31]} {[%emt 00:03:03]} 16. O-O {[%clk
01:26:09]} {[%emt 00:00:50]} Re7 {[%clk 01:10:49]} {[%emt 00:04:11]} 17. g4
{[%clk 01:25:15]} {[%emt 00:01:26]} Nh6 {[%clk 01:10:02]} {[%emt 00:01:16]} 18.
h3 {[%clk 01:25:17]} {[%emt 00:00:29]} Kh8 {[%clk 01:08:27]} {[%emt 00:02:04]}
19. Rc2 {[%clk 01:25:16]} {[%emt 00:00:32]} b6 {[%clk 01:05:14]} {[%emt
00:03:43]} 20. Rfc1 {[%clk 01:24:42]} {[%emt 00:01:04]} Ba6 {[%clk 01:04:18]}
{[%emt 00:01:26]} 21. Bb4 {[%clk 01:24:28]} {[%emt 00:00:44]} Ree8 {[%clk
01:03:28]} {[%emt 00:01:15]} 22. Rc7 {[%clk 01:24:45]} {[%emt 00:00:18]} Rec8
{[%clk 01:00:42]} {[%emt 00:03:12]} 23. Ng5 {[%clk 01:22:28]} {[%emt 00:02:51]}
Rxc7 {[%clk 01:00:01]} {[%emt 00:01:11]} 24. Rxc7 {[%clk 01:22:52]} {[%emt
00:00:06]} Kg8 {[%clk 01:00:12]} {[%emt 00:00:17]} 25. Kg2 {[%clk 01:23:04]}
{[%emt 00:00:20]} Bb5 {[%clk 00:55:51]} {[%emt 00:04:46]} 26. Rb7 {[%clk
01:22:04]} {[%emt 00:01:35]} Bc6 {[%clk 00:53:45]} {[%emt 00:02:32]} 27. Rc7
{[%clk 01:22:14]} {[%emt 00:00:23]} Bb5 {[%clk 00:53:17]} {[%emt 00:00:57]} 28.
Rb7 {[%clk 01:22:18]} {[%emt 00:00:27]} Be2 {[%clk 00:52:51]} {[%emt 00:00:54]}
29. f3 {[%clk 01:22:23]} {[%emt 00:00:27]} Bd1 {[%clk 00:53:09]} {[%emt
00:00:11]} 30. f4 {[%clk 01:22:27]} {[%emt 00:00:28]} g6 {[%clk 00:52:45]}
{[%emt 00:00:54]} 31. Nf3 {[%clk 01:21:57]} {[%emt 00:01:00]} f5 {[%clk
00:46:28]} {[%emt 00:06:46]} 32. exf6 {[%clk 01:21:25]} {[%emt 00:01:03]} Bxf3
{[%clk 00:42:12]} {[%emt 00:04:45]} 33. Kxf3 {[%clk 01:21:25]} {[%emt
00:00:30]} Nf7 {[%clk 00:41:09]} {[%emt 00:01:32]} 34. h4 {[%clk 01:21:10]}
{[%emt 00:00:46]} h6 {[%clk 00:38:39]} {[%emt 00:03:00]} 35. g5 {[%clk
01:20:44]} {[%emt 00:00:56]} h5 {[%clk 00:38:37]} {[%emt 00:00:32]} 36. Re7
{[%clk 01:20:47]} {[%emt 00:00:27]} a5 {[%clk 00:37:38]} {[%emt 00:01:30]} 37.
Ba3 {[%clk 01:20:56]} {[%emt 00:00:22]} b5 {[%clk 00:37:27]} {[%emt 00:00:40]}
38. Rxe6 {[%clk 01:20:20]} {[%emt 00:01:05]} b4 {[%clk 00:36:57]} {[%emt
00:01:00]} 39. Bb2 {[%clk 01:20:43]} {[%emt 00:00:07]} a4 {[%clk 00:36:54]}
{[%emt 00:00:33]} 40. Rb6 {[%clk 01:20:46]} {[%emt 00:00:27]} a3 {[%clk
00:36:51]} {[%emt 00:00:34]} 41. Ba1 {[%clk 01:21:13]} {[%emt 00:00:04]} Rc8
{[%clk 00:35:49]} {[%emt 00:01:30]} 42. Rxb4 {[%clk 01:21:29]} {[%emt
00:00:14]} Rc1 {[%clk 00:35:53]} {[%emt 00:00:27]} 43. Ra4 {[%clk 01:21:30]}
{[%emt 00:00:29]} Rxa1 {[%clk 00:36:05]} {[%emt 00:00:17]} 44. b4 {[%clk
01:21:24]} {[%emt 00:00:37]} a2 {[%clk 00:35:39]} {[%emt 00:00:55]} 45. Ke2
{[%clk 01:21:42]} {[%emt 00:00:11]} Rh1 {[%clk 00:32:25]} {[%emt 00:03:45]} 46.
Ra8 {[%clk 01:21:33]} {[%emt 00:00:39]} Kh7 {[%clk 00:32:43]} {[%emt 00:00:12]}
47. Ra7 {[%clk 01:21:27]} {[%emt 00:00:36]} a1=Q {[%clk 00:31:01]} {[%emt
00:02:11]} 48. Rxa1 {[%clk 01:20:52]} {[%emt 00:01:06]} Rxa1 {[%clk 00:31:23]}
{[%emt 00:00:08]} 49. Kd3 {[%clk 01:21:11]} {[%emt 00:00:12]} Ra3 {[%clk
00:31:27]} {[%emt 00:00:23]} 50. Kc2 {[%clk 01:21:35]} {[%emt 00:00:09]} Rh3
{[%clk 00:31:49]} {[%emt 00:00:06]} 51. b5 {[%clk 01:21:52]} {[%emt 00:00:14]}
Ra3 {[%clk 00:31:53]} {[%emt 00:00:25]} 52. Kb2 {[%clk 01:21:56]} {[%emt
00:00:28]} Ra5 {[%clk 00:32:13]} {[%emt 00:00:08]} 53. b6 {[%clk 01:22:14]}
{[%emt 00:00:14]} Rb5 {[%clk 00:32:37]} {[%emt 00:00:05]} 54. Kc3 {[%clk
01:22:39]} {[%emt 00:00:06]} Rxb6 {[%clk 00:33:01]} {[%emt 00:00:05]} 55. Kd3
{[%clk 01:22:47]} {[%emt 00:00:23]} Rb3 {[%clk 00:33:24]} {[%emt 00:00:06]} 56.
Kc2 {[%clk 01:22:57]} Rh3 {[%clk 00:33:45]} {[%emt 00:00:30]} 57. Kd2 {[%emt
00:00:10]} Rxh4 {[%clk 00:34:08]} {[%emt 00:00:06]} 58. Ke3 {[%clk 01:22:22]}
{[%emt 00:01:26]} Rh3 {[%clk 00:34:18]} {[%emt 00:00:19]} 59. Ke2 {[%clk
01:22:42]} {[%emt 00:00:11]} h4 {[%clk 00:34:16]} {[%emt 00:00:32]} 60. Kd2
{[%clk 01:22:45]} {[%emt 00:00:27]} Rf3 {[%clk 00:34:38]} {[%emt 00:00:07]} 61.
Ke2 {[%clk 01:22:19]} {[%emt 00:00:56]} Rxf4 {[%clk 00:34:52]} {[%emt
00:00:16]} 62. Ke3 {[%clk 01:22:43]} {[%emt 00:00:06]} Rf5 {[%clk 00:35:07]}
{[%emt 00:00:14]} 63. Ke2 {[%clk 01:22:54]} {[%emt 00:00:21]} h3 {[%clk
00:35:20]} {[%emt 00:00:17]} 0-1